01129cam a2200229 a 450000100090000000300050000900500170001400800410003101000170007204000180008904200150010704300120012205000270013410000280016124500820018924600390027126001000031030000500041050000200046050503710048065100480085116507658PILC20150514121257.0101019m20079999ph a 001 0 eng  a 2009316274 aDLCcDLCdDLC alcodeapcc aa-ph---00aDS 686.614b.R356 20121 aRamos, Fidel V.,d1928-10aBulletin of FVR "sermons" :cFidel V. Ramos.bwinning peace and development /3 aBulletin of Fidel V. Ramos sermons a[Manila, Philippines] :bRamos Peace and Development Foundation and the Manila Bulletin,c2012. ax, 244 pages :bcolor illustrations ;c23 cm. aIncludes index.1 a[v. 1] Raising the national spirit, selected articles from the Sunday column of former President Fidel V. Ramos in the Manila Bulletin -- v. 2. Selected writings in the Manila Bulletin Sunday column of former President Fidel V. Ramos -- v. 3. Unity, solidarity, teamwork, selected articles from the Sunday columns of X-President Fidel V. Ramos in the Manila Bulletin 0aPhilippinesxPolitics and governmenty1986-